Recull dels fulls d'assessorament per a pares de la FAPAC / Ricard Montalban, Patricia Tschorne
Publicado:
Barcelona :
FAPAC: Federació d'Associacions de Pares d'Alumnes de Catalunya : Diputació de Barcelona, Àrea d'Educació ,
1993
Descripción Física:
176 p. ; 24 cm
Colección:
Temes d'educació ; 6
Otros Autores:
Tschorne, Patricia
Materias:
Infants -- Desenvolupament
MARC
| LEADER | 00000nam a2200000Ia 4500 | ||
|---|---|---|---|
| 001 | 10215 | ||
| 003 | BGR | ||
| 005 | 20260324175611.0 | ||
| 008 | 160829s1993 xx 000 0 cat d | ||
| 080 | |a E-1-64 | ||
| 100 | |a Montalban, Ricard |9 34727 | ||
| 245 | |a Recull dels fulls d'assessorament per a pares de la FAPAC / Ricard Montalban, Patricia Tschorne | ||
| 260 | |a Barcelona : |b FAPAC: |b Federació d'Associacions de Pares d'Alumnes de Catalunya : |b Diputació de Barcelona, Àrea d'Educació, |c 1993 | ||
| 300 | |a 176 p. ; |c 24 cm | ||
| 490 | |a Temes d'educació ; 6 | ||
| 650 | |a Infants |x Desenvolupament |9 50356 | ||
| 700 | |a Tschorne, Patricia |9 177 | ||
| 710 | |a Barcelona (Catalunya : Província). |b Àrea d'Educació |9 8009 | ||
| 710 | |a Federació d'Associacions de Pares d'Alumnes de Catalunya (FAPAC) |9 64596 | ||
| 901 | |a Arxiu | ||
| 942 | |n 1 |2 udc |c MON | ||
| 952 | |0 0 |1 0 |4 0 |6 E164 |7 1 |9 46623 |a Arxiu |b Arxiu |d 2016-12-01 |l 0 |o E-1-64 |p 10215 |r 2016-12-01 00:00:00 |w 2016-12-01 |y ARXIU | ||
| 999 | |c 50416 |d 50416 | ||